000 01643cam a2200373 i 4500
001 on1272888272
003 EG-ScBUE
005 20250512085321.0
008 210906s2021 enka f b 000 0 eng d
020 _a9781786279156
035 _a(OCoLC)1272888272
040 _aUKMGB
_beng
_erda
_cUKMGB
_dOCLCO
_dOCLCF
_dBKL
_dOCLCO
_dCDX
_dYDX
_dEG-ScBUE
082 0 4 _a770.1
_222
_bCAR
100 1 _aCarroll, Henry,
_eauthor.
245 1 0 _aPhotographers on photography :
_bhow they see, think & shoot /
_cHenry Carroll.
250 _aSecond edition.
264 1 _aLondon :
_bLaurence King Publishing,
_c2021.
300 _a128 pages :
_billustrations (some color) ;
_c20 cm
336 _atext
_btxt
_2rdacontent
336 _astill image
_bsti
_2rdacontent
337 _aunmediated
_bn
_2rdamedia
338 _avolume
_bnc
_2rdacarrier
500 _aOriginally published: 2018.
504 _aIncludes bibligraphical references.
520 _a"Through a carefully curated selection of quotations, images and interviews, Photographers on Photography reveals the core ideas that underpin this art form. With enlightening text by Henry Carroll, author of the internationally bestselling Read This If You Want To Take Great Photographs series, you'll discover how the giants of the genres developed their distinctive visual styles."--Back cover.
650 7 _aPhotographers
_vBiography.
_2BUEsh
650 7 _aPhotography
_xTechnique.
_2BUEsh
650 7 _aArt
_xPhilosophy.
_2BUEsh
650 7 _aPhotographers
_vInterviews.
_2BUEsh
650 7 _aPhotography
_xPhilosophy.
_2BUEsh
653 _cMay2025
_bART
655 _vReading book
942 _2ddc
_cBB
999 _c30965
_d30936